01797nam a2200205Ia 4500008004100000100001500041245005100056260003000107300000800137650001600145942001200161999001300173952019900186952021100385952019900596952019900795952019900994952019901193952019901392191201s2008    xx            000 0 und d  aGOYAL,D.P. 0aManagement information system managerial……  aN. delhibMacmillanc2008  a372  aB.Tech(CSE)  2ddccBK  c314d314  00102ddc40708BTECHCSEaPIETbPIETd2017-08-05eDonated by Dr.Pooja Walia kDonated by Dr.Pooja Walia l0o658.4038 GOMp29634r2019-12-04 00:00:00w2017-05-01yBKzDonated by Dr.Pooja Walia   00102ddc40708BTECHCSEaPIETbPIETd2017-08-05eDonated by Dr.Pooja Walia kDonated by Dr.Pooja Walia l1o658.4038 GOMp29635r2023-05-02 00:00:00s2023-04-26w2017-05-01yBKzDonated by Dr.Pooja Walia   00102ddc40708BTECHCSEaPIETbPIETd2017-08-05eDonated by Dr.Pooja Walia kDonated by Dr.Pooja Walia l0o658.4038 GOMp29636r2019-12-04 00:00:00w2017-05-01yBKzDonated by Dr.Pooja Walia   00102ddc40708BTECHCSEaPIETbPIETd2017-08-05eDonated by Dr.Pooja Walia kDonated by Dr.Pooja Walia l0o658.4038 GOMp29637r2019-12-04 00:00:00w2017-05-01yBKzDonated by Dr.Pooja Walia   00102ddc40708BTECHCSEaPIETbPIETd2017-08-05eDonated by Dr.Pooja Walia kDonated by Dr.Pooja Walia l0o658.4038 GOMp29638r2019-12-04 00:00:00w2017-05-01yBKzDonated by Dr.Pooja Walia   00102ddc40708BTECHCSEaPIETbPIETd2017-08-05eDonated by Dr.Pooja Walia kDonated by Dr.Pooja Walia l0o658.4038 GOMp29639r2019-12-04 00:00:00w2017-05-01yBKzDonated by Dr.Pooja Walia   00102ddc40708BTECHCSEaPIETbPIETd2017-08-05eDonated by Dr.Pooja Walia kDonated by Dr.Pooja Walia l0o658.4038 GOMp29640r2019-12-04 00:00:00w2017-05-01yBKzDonated by Dr.Pooja Walia 